书目信息 |
| 题名: |
红色江山万年牢
|
|
| 作者: | ;天津人民出版社 编辑 | |
| 分册: | ||
| 出版信息: | 天津 编者 1975 |
|
| 页数: | 47页 | |
| 开本: | 19cm | |
| 丛书名: | ||
| 单 册: | ||
| 中图分类: | I239.07 | |
| 科图分类: | ||
| 主题词: | 曲艺--中国--当代--作品综合集 | |
| 电子资源: | ||
| ISBN: | ||
| 000 | 00616nam0 2200217 45 | |
| 001 | 0175001572 | |
| 005 | 20060805165326.75 | |
| 010 | @dCNY0.12 | |
| 100 | @a19951017d1975 em y0chiy0121 ea | |
| 101 | 0 | @achi |
| 102 | @aCN@b120000 | |
| 105 | @ay z 000by | |
| 200 | 10 | @a红色江山万年牢@Ahong se jiang shan wan nian lao@e曲艺@f天津人民出版社编辑 |
| 210 | @a天津@c编者@d1975 | |
| 215 | @a47页@d19cm | |
| 606 | @a曲艺@y中国@z当代@x作品综合集 | |
| 690 | @aI239.07@v3 | |
| 711 | 02 | @a天津人民出版社@Atian jin ren min chu ban she@4编辑 |
| 801 | 2 | @aCN@bNLC@c20060805 |
| 801 | 0 | @aCN@bTSSF |
| 905 | @a10447@dI239.07@e88 | |
| 红色江山万年牢:曲艺/天津人民出版社编辑.-天津:编者,1975 |
| 47页;19cm |
| ISBN :CNY0.12 |
| ● |
| 相关链接 |
|
|
|
|
正题名:红色江山万年牢
索取号:I239.07/88
 
预约/预借
| 序号 | 登录号 | 条形码 | 馆藏地/架位号 | 状态 | 备注 |
| 1 | 0450357 | 204503572 | 密集书库/ [索取号:I239.07/88] | 在馆 |